Estatísticas para Quiz do Equador

Clique aqui para jogar o quiz

Estatísticas Gerais

  • Esse quiz foi jogado 812 vezes
  • A pontuação média é 12 de 20

Estatísticas das Respostas

DicaResposta% Correto
Língua oficialEspanhol
98%
CapitalQuito
96%
Cordilheira que atravessa o EquadorAndes
94%
Países fazendo fronteira com o EquadorPeru
92%
Países fazendo fronteira com o EquadorColômbia
91%
O leste do país faz parte desta floresta tropicalAmazônia
88%
Império da América do Sul que conquistou o Equador em 1400Inca
72%
Cadeia de ilhas localizada a 906 km a oeste do continenteGalápagos
67%
Cientista que visitou essas ilhas a bordo do HMS BeagleCharles Darwin
63%
Moeda oficialDólar Americano
61%
Estilo de chapéu que vem do Equador, mas, ironicamente,
tem o nome de um país diferente
Chapéu-{panamá}
51%
Equador é o maior exportador mundial desta fruta{Banana}s
50%
Área urbana mais populosaGuayaquil
48%
Espécies que foram extintas quando Lonesome George morreu em 2012{Tartaruga}-das
galápagos-de-pinta
44%
72% dos equatorianos são _____, uma mistura de descendência espanhola
e ameríndia
{Mestiço}s
43%
Pássaro no brasão de armas{Condor}-dos-andes
35%
Língua nativa mais faladaQuíchua
33%
Montanha mais alta do mundo (quando medida do centro da Terra)Chimborazo
19%
Tipo de iguana encontrada apenas nessas ilhasIguana-{marinha}
18%
Medicamento antimalárico feito de Cinchona, a árvore nacional do EquadorQuinina
15%

Distribuição das Pontuações

Percentil de Números Respondidos

Porcentagem de Pessoas com Cada Pontuação

Sua Pontuação Histórica

Você não jogou esse quiz